{"text_format":"3","workbook":"xlsx","n_sheets":4,"sheets":["8","9","10","11"],"not_rendered":{"defined_names":4},"read":"whole","date_system":"1900"}

{"sheet":"8","index":0,"n_rows":27,"n_cols":14,"rows_kept":27,"merged":[[0,0,0,13]]}
["Протокол по итогам муниципального этапа РОШ по предмету \"ЭКОНОМИКА\" Нижнекамского муниципального района в 2023-2024 учебном году"]
[]
["№","Фамилия","Имя","Отчество","Пол","Класс","Класс участия","Первичный балл","Добавлено по итогам апелляции","Итоговый балл","Макс. балл","Статус","Призер МЭ прошлого года","Учитель"]
[1,"Никонов","Михаил","Алексеевич","м",8,8,84,null,84,100,"Победитель","нет","Ильясов А.И"]
[2,"Малыгин","Егор","Евгеньевич","м",8,8,82,null,82,100,"Призер","нет","Ильясов А.И"]
[3,"Николаев","Михаил","Андреевич","м",8,8,77,3,80,100,"Призер","нет","Ильясов А.И"]
[4,"Чернышев","Илья","Александрович","м",8,8,66,12,78,100,"Призер","нет","Ильясов А.И"]
[5,"Анисимов","Павел","Арсеньевич","м",8,8,77,null,77,100,"участник","нет","Ильясов А.И"]
[6,"Ибатуллин","Амир","Азатович","м",8,8,67,10,77,100,"участник","нет","Ильясов А.И"]
[7,"Баянов","Андрей","Владимирович","м",7,8,69,null,69,100,"участник","нет","Ильясов А.И"]
[8,"Биктагиров","Камиль","Вахитович","м",8,8,67,null,67,100,"участник","нет","Ильясов А.И"]
[9,"Евсеев","Глеб","Евгеньевич","м",8,8,67,null,67,100,"участник","нет","Афиногентова Ангелина Александровна"]
[10,"Зимирев","Артур","Евгеньевич","м",7,8,53,null,53,100,"участник","нет","Ильясов А.И"]
[11,"Осокина","Анастасия","Михайловна","ж",8,8,48,null,48,100,"участник","нет","Березникова Дарья Александровна"]
[12,"Исмагилов","Шафкат","Ренатович","м",8,8,47,null,47,100,"участник","нет","Афиногентова Ангелина Александровна"]
[13,"Кириллова","Полина","Олеговна","ж",8,8,38,null,38,100,"участник","нет","Бурмистрова Екатерина Александровна"]
[14,"Упаев","Семён","Альбертович","м",8,8,34,null,34,100,"участник","нет","Ильясов А.И"]
[15,"Закиров","Малик","Фаниярович","м",8,8,32,null,32,100,"участник","нет","Гурьянова С.А."]
[16,"Атаманов","Макар","Алексеевич","м",8,8,25,null,25,100,"участник","нет","Афиногентова Ангелина Александровна"]
[17,"Сытин","Михаил","Константинович","м",7,8,22,null,22,100,"участник","нет","Ильясов А.И"]
[18,"Пермяков","Олег","Андреевич","м",7,8,19,null,19,100,"участник","нет","Ильясов А.И"]
[19,"Галяутдинова","Амина","Радиковна","ж",8,8,11,null,11,100,"участник","нет","Обуховская Ирина Николаевна"]
[20,"Климова","Диана","Сергеевна","ж",8,8,11,null,11,100,"участник","нет","Шакирова"]
[21,"Федоров","Степан","Артемович","м",8,8,8,null,8,100,"участник","нет","Ильясов А.И"]
[22,"Юсупов","Рамазан","Ильясович","м",8,8,6,null,6,100,"участник","нет","Ганиева Ильмира Ильгамовна"]
[23,"Кочнева","Варвара","Владимировна","ж",8,8,5,null,5,100,"участник","нет","Обуховская Ирина Николаевна"]
[24,"Багаутдинов","Камиль","Ирекович","м",8,8,2,null,2,100,"участник","нет","Гурьянова С.А."]

{"sheet":"9","index":1,"n_rows":24,"n_cols":14,"rows_kept":24,"merged":[[0,0,0,13]]}
["Протокол по итогам муниципального этапа ВсОШ по предмету \"ЭКОНОМИКА\" Нижнекамского муниципального района в 2023-2024 учебном году"]
[]
["№","Фамилия","Имя","Отчество","Пол","Класс","Класс участия","Первичный балл","Добавлено по итогам апелляции","Итоговый балл","Макс. балл","Статус","Призер МЭ прошлого года","Учитель"]
[1,"Аллун","Абдульбари","Фейсалович","м",9,9,88,null,88,100,"Победитель","да","Ильясов А.И"]
[3,"Кашапов","Арсен","Русланович","м",9,9,70,10,80,100,"Призер","нет","Ильясов А.И"]
[2,"Галиев","Рашид","Русланович","м",9,9,77,null,77,100,"Призер","нет","Ильясов А.И"]
[4,"Ильин","Дмитрий","Викторович","м",9,9,67,4,71,100,"Призер","нет","Ильясов А.И"]
[5,"Шульга","Ярослав","Андреевич","м",9,9,67,null,67,100,"участник","нет","Ильясов А.И"]
[6,"Тазеев","Ильшат","Илдарович","м",9,9,64,null,64,100,"участник","нет","Ильясов А.И"]
[7,"Фатыхов","Камиль","Ленарович","м",9,9,37,null,37,100,"участник","нет","Ильясов А.И"]
[8,"Шабуров","Тимур","Ринатович","м",9,9,37,null,37,100,"участник","нет","Ильясов А.И"]
[9,"Перескоков","Тимофей","Константин","м",9,9,28,null,28,100,"участник","нет","Бакшаев Сергей Адольфович"]
[10,"Ильясов","Табрис","Арсланович","м",9,9,26,null,26,100,"участник","нет","Ахметзянова Ольга Евгеньневна"]
[11,"Халиуллин","Тимерлан","Робертович","м",9,9,25,null,25,100,"участник","нет","Ильясов А.И"]
[12,"Аблакатов","Сергей","Алексеевич","м",9,9,25,null,25,100,"участник","нет","Ахметзянова Ольга Евгеньневна"]
[13,"Бурганов","Карим","Ильгизович","м",9,9,21,null,21,100,"участник","нет","Ильясов А.И"]
[14,"Реимов","Вадим","Андреевич","м",9,9,20,null,20,100,"участник","нет","Ахметзянова Ольга Евгеньневна"]
[15,"Амирханов","Булат","Гумерович","м",9,9,16,null,16,100,"участник","нет","Шакирова"]
[16,"Тарасова","Елиана","Николаевна","ж",9,9,9,null,9,100,"участник","нет","Валиева Елена Анатольевна"]
[17,"Андриянова","Софья","Алексеевна","ж",9,9,9,null,9,100,"участник","нет","Степанов Бронислав Анатольевич"]
[18,"Хабибуллин","Амир","Рамилевич","м",9,9,9,null,9,100,"участник","нет","Березникова Дарья Александровна"]
[19,"Нарушева","Дарья","Сергеевна","ж",9,9,9,null,9,100,"участник","нет","Пискарев И.Н."]
[20,"Кононихина","Екатерина","Юрьевна","ж",9,9,7,null,7,100,"участник","нет","Донскова Оксана Геннадьевна"]
[21,"Аглетдинова","Карина","Маратовна","ж",9,9,3,null,3,100,"участник","нет","Валиева Елена Анатольевна"]

{"sheet":"10","index":2,"n_rows":27,"n_cols":14,"rows_kept":27,"merged":[[0,0,0,13]]}
["Протокол по итогам муниципального этапа ВсОШ по предмету \"ЭКОНОМИКА\" Нижнекамского муниципального района в 2023-2024 учебном году"]
[]
["№","Фамилия","Имя","Отчество","Пол","Класс","Класс участия","Первичный балл","Добавлено по итогам апелляции","Итоговый балл","Макс. балл","Статус","Призер МЭ прошлого года","Учитель"]
[1,"Закирова","Тамила","Ленаровна","ж",10,10,70,null,70,100,"Призер","нет","Камалиева Надежда Ивановна"]
[2,"Обманщин","Евгений","Алексеевич","м",10,10,63,null,63,100,"Призер","нет","Ильясов А.И"]
[3,"Аминова","Зарина","Альбертовна","ж",10,10,49,null,49,100,"участник","нет","Камалиева Надежда Ивановна"]
[4,"Абдуллин","Данис","Зуфарович","м",10,10,36,null,36,100,"участник","нет","Ильясов А.И"]
[5,"Сафиуллин","Данис","Ренатович","м",10,10,29,null,29,100,"участник","нет","Кириллова Юлия Анатольевна"]
[6,"Сипайлов","Кирилл","Евгеньевич","м",10,10,27,null,27,100,"участник","нет","Булычева Светлана Владимировна"]
[7,"Резцов","Илья","Андреевич","м",10,10,27,null,27,100,"участник","нет","Ахмерова Динара Рафиковна"]
[8,"Валиуллин","Эмиль","Рамилевич","м",10,11,23,null,23,100,"участник","нет","Хакимова Регина Радиковна"]
[9,"Пчельников","Герман","Валерьевич","м",10,10,23,null,23,100,"участник","нет","Кириллова Юлия Анатольевна"]
[10,"Галимов","Даниил","Ревалевич","м",10,10,21,null,21,100,"участник","нет","Кириллова Юлия Анатольевна"]
[11,"Якупов","Данис","Вадимович","м",10,10,18,null,18,100,"участник","нет","Пискарев И.Н."]
[12,"Мелешина","Виктория","Андреевна","ж",10,10,15,null,15,100,"участник","нет","Степанов Бронислав Анатольевич"]
[13,"Сабиров","Риназ","Ильнарович","м",10,10,15,null,15,100,"участник","нет","Адиатова Ольга Николаевна"]
[14,"Гайфутдинов","Руслан","Альбертович","м",10,10,15,null,15,100,"участник","нет","Кириллова Юлия Анатольевна"]
[15,"Эквист","Платон","Игоревич","м",10,10,11,null,11,100,"участник","нет","Сорокина Екатерина Анатольевна"]
[16,"Мутыгуллин","Дамир","Ильдарович","м",10,10,10,null,10,100,"участник","нет","Хакимова Регина Радиковна"]
[17,"Эскина","Анастасия","Денисовна","ж",10,10,10,null,10,100,"участник","нет","Гурьянова С.А."]
[18,"Гребенева","Алина","Сергеевна","ж",10,10,8,null,8,100,"участник","нет","Булычева Светлана Владимировна"]
[19,"Кузнецова","Анастасия","Алексеевна","ж",10,10,7,null,7,100,"участник","нет","Валиева Елена Анатольевна"]
[20,"Шеина","Анна","Сергеевна","ж",10,10,7,null,7,100,"участник","нет","Степанов Бронислав Анатольевич"]
[21,"Камалиев","Булат","Радикович","м",10,10,7,null,7,100,"участник","нет","Шакирова"]
[22,"Муханов","Андрей","Александрович","м",10,10,5,null,5,100,"участник","нет","Сорокина Екатерина Анатольевна"]
[23,"Вафина","Зубаржат","Джадатовна","ж",10,10,4,null,4,100,"участник","нет","Валиева Елена Анатольевна"]
[24,"Абдульманов","Давид","Альбертович","м",10,10,3,null,3,100,"участник","нет","Бобкова С.В"]

{"sheet":"11","index":3,"n_rows":27,"n_cols":14,"rows_kept":27,"merged":[[0,0,0,13]]}
["Протокол по итогам муниципального этапа ВсОШ по предмету \"ЭКОНОМИКА\" Нижнекамского муниципального района в 2023-2024 учебном году"]
[]
["№","Фамилия","Имя","Отчество","Пол","Класс","Класс участия","Первичный балл","Добавлено по итогам апелляции","Итоговый балл","Макс. балл","Статус","Призер МЭ прошлого года","Учитель"]
[1,"Фазлеев","Ян","Станиславович","м",11,11,42,20,62,100,"Приезр","нет","Афиногентова Ангелина Александровна"]
[2,"Исламгулов","Данат","Ильгамович","м",11,11,38,16,54,100,"Приезр","нет","Афиногентова Ангелина Александровна"]
[3,"Сатенаев","Илья","Дмитриевич","м",11,11,49,3,52,100,"участник","нет","Булычева Светлана Владимировна"]
[4,"Шарипова","Адиля","Марсовна","ж",11,11,41,9,50,100,"участник","нет","Булычева Светлана Владимировна"]
[5,"Фазлиев","Раиль","Айратович","м",11,11,46,3,49,100,"участник","нет","Ибрагимова Эльмира Шафиковна"]
[6,"Сибгатуллин","Марат","Фанисович","м",11,11,38,10,48,100,"участник","нет","Савельева Ольга Ивановна"]
[7,"Ямалетдинов","Арслан","Маратович","м",11,11,40,null,40,100,"участник","нет","Валиева Елена Анатольевна"]
[8,"Желтякова","Дарья","Дмитриевна","ж",11,11,40,null,40,100,"участник","нет","Гончарова Альбина Анатольевна"]
[9,"Хасаншин","Давид","Владимирович","м",11,11,34,null,34,100,"участник","нет","Афиногентова Ангелина Александровна"]
[10,"Исаев","Егор","Вячеславович","м",11,11,22,null,22,100,"участник","нет","Гончарова Альбина Анатольевна"]
[11,"Волкова","Анна","Геннадиевна","ж",11,11,21,null,21,100,"участник","нет","Афиногентова Ангелина Александровна"]
[12,"Меретякова","Лилия","Васильевна","ж",11,11,20,null,20,100,"участник","нет","Гурьянова С.А."]
[13,"Паксялина","Дарья","Сергеевна","ж",11,11,19,null,19,100,"участник","нет","Гурьянова С.А."]
[14,"Малышев","Всеволод","Валерьевич","м",11,11,18,null,18,100,"участник","нет","Гиждеван Елена Александровна"]
[15,"Михалищенков","Дмитрий","Олегович","м",11,11,16,null,16,100,"участник","нет","Афиногентова Ангелина Александровна"]
[16,"Пшеворская","Валерия","Александровна","ж",11,11,15,null,15,100,"участник","нет","Ибрагимова Эльмира Шафиковна"]
[17,"Ильгузин","Павел","Вадимович","м",11,11,11,null,11,100,"участник","нет","Ляхова Галина Анатольевна"]
[18,"Чернова","Яна","Васильевна","ж",11,11,10,null,10,100,"участник","нет","Валиева Елена Анатольевна"]
[19,"Ахметшина","Юлия","Эдуардовна","ж",11,11,10,null,10,100,"участник","нет","Афиногентова Ангелина Александровна"]
[20,"Ишмухаметов","Марсель","Маратович","м",11,11,8,null,8,100,"участник","нет","Березникова Дарья Александровна"]
[21,"Николаева","Полина","Сергеевна","ж",11,11,7,null,7,100,"участник","нет","Фунтикова Э.Н."]
[22,"Давыдова","Анастасия","Андреевна","ж",11,11,7,null,7,100,"участник","нет","Бирюкова З.М."]
[23,"Гилязова","Айсылу","Айратовна","ж",11,11,7,null,7,100,"участник","нет","Муратова"]
[24,"Новокшанов","Антон","Игоревич","м",11,11,0,null,0,100,"участник","нет","Степанов Бронислав Анатольевич"]